000 01142cam a22002295a 4500
001 L158982
008 151123s2015 xxk f 000 0 eng d
035 _a(Sirsi) u158982
041 0 _aeng
110 2 _aAssociation of University Directors of Estate
_96165
245 0 0 _aHigher education estates statistics report 2015
_bNovember 2015
_h[electronic resource]
260 _aLondon
_bAUDE
_c2015
520 _aThe 2013-2014 report on the UK higher education estates sector values its property at around £28billion highlighting the continual investment in the sector. Over £2.5 billion was spent on capital expenditure projects including the refurbishment and upgrading of its accommodation including halls of residence. Highlights measures taken to improve sustainability including energy efficnency measures and reduction of emissions.
590 _aKA
650 2 4 _aHIGHER EDUCATION
650 2 4 _aUNIVERSITIES
650 2 4 _aPROPERTY
651 4 _aUnited Kingdom
_y
690 _aCommercial property
_96227
856 4 0 _uhttps://www.aude.ac.uk/resources/ems/
_zView the item free of charge from the www.aude.ac.uk
942 _n0
999 _c115613
_d115613